All Ballon d'Or Nominees 2024 - Statistics

General Stats
  • This quiz has been taken 70 times
  • The average score is 19 of 30
Answer Stats
Player Team % Correct
Lautaro Martinez Inter Milan
92%
Vinicius Junior Real Madrid
92%
Kylian Mbappé Paris Saint-Germain
90%
Emiliano Martinez Aston Villa
88%
Erling Haaland Manchester City
88%
Rodri Manchester City
85%
Jude Bellingham Real Madrid
80%
Cole Palmer Chelsea
78%
Lamine Yamal Barcelona
78%
Florian Wirtz Bayer Leverkusen
76%
Bukayo Saka Arsenal
73%
Martin Ødegaard Arsenal
73%
Dani Carvajal Real Madrid
71%
Ademola Lookman Atalanta
66%
Phil Foden Manchester City
66%
Nico Williams Athletic Bilbao
64%
Harry Kane Bayern München
59%
Antonio Rüdiger Real Madrid
58%
Declan Rice Arsenal
56%
Álex Grimaldo Bayer Leverkusen
54%
Toni Kroos Real Madrid
54%
William Saliba Arsenal
54%
Federico Valverde Real Madrid
49%
Granit Xhaka Bayer Leverkusen
47%
Rúben Días Manchester City
46%
Vitinha Paris Saint-Germain
41%
Hakan Çalhanoglu Inter Milan
39%
Mats Hummels Borussia Dortmund
34%
Dani Olmo Leipzig
25%
Artem Dobvyk Girona
14%
No matching quizzes found
Score Distribution
Percent of People with Each Score
Percentile by Number Answered
Your Score History
You have not taken this quiz